000 00506nam a2200181Ia 4500
008 151018s9999 xx 000 0 und d
082 _bRBASDV39119
_a891.468
100 _aगिरीजा कीर
245 _aप्रियजन
250 _b1
260 _bह ना आपटे
_c2000
300 _a181
600 _aगिरीजा कीर
630 _aप्रियजन
700 _aगिरीजा कीर
730 _aप्रियजन
942 _cBOOK
999 _c1038449
_d1038446